LEADER 01271nam a2200253 u 4500 001 000000076320 003 CaOOAMICUS 005 20070226123210.0 008 031120s1932 ja bf u000 u fre u 035 $a10977002 040 $aPUL(R)$bita 245 04$aLes relations du Japon avec la Mandchourie et la Mongolie :$bdocument B. 260 $a[Tokio :$bs.n.],$cstampa 1932. 300 $a278 p. in varie seq., [1] c. di tav. :$bc. geogr. ;$c26 cm 500 $aL'opera si completa con "La situation actuelle en Chine en tant qu'elle affecte les relations internationales et la bonne entente entre les nations dont la paix depend : document A". 504 $aBibliografia in nota. 651 4$aGiappone$zAsia$xRelazioni estere.$0(OLS)http://pul/subject/26604 651 4$aMongolia$xStoria$ySec. XX.$0(OLS)http://pul/subject/26605 651 4$aGiappone$xPolitica e governo.$0(OLS)http://pul/subject/20425 850 $aPUL 852 $aPUL$W1$xDP2 Filosofia 1$y62$m130 F 37$j98064$nBK-PRI$b $qStampati$B98064$CPULBib$Z2$F98064 $H24010 $81 941 1 $a8 996 $6245$aLes relations du Japon avec la Mandchourie et la Mongolie :$bdocument B$9(OLS)http://pul/title/100122 996 $6260$a[Tokio :$bs.n.]$9(OLS)http://pul/publisher/74695 LEADER 00918nam a2200229 a 4500 001 000000113085 003 CaOOAMICUS 005 20080731124207.0 008 080731s2007 it m u000 u ita d 040 $aPUU$bita$dmcm$dPUL$dLDB 100 1 $aNdhlalambi, Jindu.$0(OLS)http://pul/name/69712 245 14$aThe notion of pastoral care in the parish /$cNdhlalambi Jindu. 260 $aRomae :$b[s.n.],$c2007. 300 $a74 p. ;$c25 cm 502 $aExtractum Thesis (Iur.can. D.) - Pont. Univ. Urbaniana - Roma, 2007 504 $aBibliografia: p. [61]-72 650 14$aCura pastorale.$0(OLS)http://pul/subject/13596 850 $aPUL 852 $aPUL$W1$xDP1 Tesi Pon. Univ. Urbaniana$y49$m2007 C 3$j22441$qTesi$B128328$CPULBib$Z2$F128328 $82 941 1 $a16 996 $6245$aThe notion of pastoral care in the parish$9(OLS)http://pul/title/142110 996 $6260$aRomae :$b[s.n.]$9(OLS)http://pul/publisher/48223